00726cam a2200157 i 4500020001800000040000800018082002600026245017800052250002000230300006400250500009900314650005100413650005100464700002400515700002900539 a9789996350627 cDLC00a616 EMR 2009 C283 Or.10a Emerging trends, challenges and innovations : bcommunity based natural resource management (CBNRM) in Cambodia : learning symposiums and the development of selected papers aFifth edition / axxiii, 1368 pages :billustrations (chiefly color) ;c29 cm aPrevious edition: Neurology and general medicine / edited by Michael J. Aminoff. 2008. 4th ed. 0aNeurologic manifestations of general diseases. 0aNeurologic manifestations of general diseases.1 aAminoff, Michael J.1 aJosephson, Scott Andrew,